Statistics for Double D Vocabulary Words

Click here to take the quiz!

General Stats

  • This quiz has been taken 33,280 times
    (26,114 since last reset)
  • The average score is 12 of 18

Answer Stats

DefinitionWord% Correct
Two or three year old childToddler
96%
Opposite of evenOdd
95%
To walk like a duckWaddle
90%
Golf advisor and bag carrierCaddy
86%
Cow's mammary organUdder
81%
Type of cheese, or slang for moneyCheddar
76%
Say this to make a horse go fasterGiddyup
76%
To interfere in the affairs of othersMeddle
72%
ViolinFiddle
71%
Flat metal plate useful for cooking pancakesGriddle
67%
Type of venomous snakeAdder
64%
To snugly wrap a babySwaddle
64%
To pamperCoddle
56%
One who needs a fixAddict
54%
Cocktail made with sugar, spice and hot waterToddy
45%
Horse enclosurePaddock
43%
Traveling salesperson of oldPeddler
31%
To mash for use in a cocktailMuddle
29%

Score Distribution

Percentile by Number Answered

Percent of People with Each Score

Your Score History

You have not taken this quiz since the last reset